Nuevas estructuras /

Guardat en:
Dades bibliogràfiques
Autor principal: Nervi, Pier Luigi (arquitecto)
Format: Llibre
Idioma:espanyol
Publicat: Barcelona, España : Gustavo Gili, 1963, c1963
Matèries:
Etiquetes: Afegir etiqueta
Sense etiquetes, Sigues el primer a etiquetar aquest registre!

MARC

LEADER 00000nam^a2200000^a^4500
001 000184744
005 20250521000000.0
009 20260310102126.795
037 |a Acervo ITESO - Biblioteca 
041 |a ESP 
082 |a 720. 945  |b NER 
100 |a Nervi, Pier Luigi  |e (arquitecto) 
245 1 0 |a Nuevas estructuras /  |c P.L. Nervi ; tr. por María Beatriz de Moura. 
264 4 |a Barcelona, España :  |b Gustavo Gili,  |c 1963, c1963 
300 |a 167 p. 
336 |a texto  |b txt  |2 rdacontenido 
337 |a sin mediación  |b n  |2 rdamedio 
338 |a volumen  |b nc  |2 rdasoporte 
545 0 |a Pier Luigi Nervi (Sondrio (Italia), 1891-1979), arquitecto e ingeniero italiano, cuyas innovaciones técnicas, sobre todo en la construcción con hormigón armado, hicieron posible la solución elegante y expresiva de complejos problemas estructurales. Nervi sostuvo que la elegancia estética de sus edificios residía simplemente en su corrección estructural. Estudió en la Escuela de Ingeniería Civil de Bolonia y constituyó su propio estudio en 1920. Proyectó edificios en Italia, el resto de Europa, Estados Unidos y Latinoamérica. Entre sus obras destacan: el estadio Giovanni Berta (1930-1932) de Florencia, los hangares de Orbetello para el Ejército del Aire italiano (1936-1940), y sus obras maestras, el gran salón de la Exposición de Turín (1948) y el Palazetto dello Sport de Roma (1960), paradigma de la arquitectura deportiva del siglo XX. 
649 |a XX 
650 |a Arquitectos Italianos 
650 |a Artistas Italianos 
650 |a Estructuras de Concreto 
650 |a Arquitectura Moderna -  |z Italia -  |x Historia y Crítica -  |x Tema Principal 
650 |a Arquitectura Italiana -  |x Historia y Crítica 
650 |a Arquitectura Norteamericana -  |x Historia y Crítica 
650 |a Arte Moderno -  |z Italia -  |x Historia y Crítica 
650 |a Arte Italiano -  |x Historia y Crítica 
650 |a Arte Norteamericano -  |x Historia y Crítica 
650 |a Nervi, Pier Luigi 
910 |a Fondo Julio de la Peña Lomelín 
920 |a Impresos - Libros 
930 |a Arquitectos Jaliscienses 
905 |a 115 
901 |a 0500125824  |b IT1  |c JAL  |u 20250521 
902 |a https://opac.biblio.iteso.mx/vufind/Record/000184744